| 000 | 00627nam a2200193 4500 | ||
|---|---|---|---|
| 001 | 122610 | ||
| 003 | ES-MaACL | ||
| 005 | 20230906192017.0 | ||
| 007 | t| | ||
| 008 | 070214s1955 sp r ||||1| spa d | ||
| 245 | 0 | 0 |
_aProblemas de adaptación en la cristiandad actual / _ctraducción española por Juan Oyarzun. |
| 260 |
_aBilbao : _bDesclée de Brouwer, _c1955. |
||
| 300 |
_a286 p. ; _c18 cm. |
||
| 490 | 1 |
_aBibliotecas de estudios pastorales ; _v8 |
|
| 700 | 1 |
_aOyarzun, Juan. _988052 |
|
| 830 | 0 |
_aBibliotecas de estudios pastorales ; _v8 _9218858 |
|
| 852 |
_aES-MaACL _jC-10624 _bR.37709 |
||
| 999 |
_c122610 _d122610 |
||